Now in Japan : Employee education and training in Japanese enterprises

محفوظ في:
التفاصيل البيبلوغرافية
التنسيق: كتاب
اللغة:Undetermined
منشور في: Japan 1975
الموضوعات:
الوسوم: إضافة وسم
لا توجد وسوم, كن أول من يضع وسما على هذه التسجيلة!
Thư viện lưu trữ: Trung tâm Học liệu Trường Đại học Cần Thơ
LEADER 00404nam a2200145Ia 4500
001 CTU_77796
008 210402s9999 xx 000 0 und d
082 |a 331 
082 |b N946 
245 0 |a Now in Japan : 
245 0 |b Employee education and training in Japanese enterprises 
260 |a Japan 
260 |c 1975 
650 |a Labour economics 
980 |a Trung tâm Học liệu Trường Đại học Cần Thơ